| 000 | 01053cam a2200205 4500 | ||
|---|---|---|---|
| 008 | 030627n2000 000 0 eng u | ||
| 020 | _a0642546746 | ||
| 035 | _a(Sirsi) u122773 | ||
| 041 | _aeng | ||
| 050 |
_a333.72 _c18 |
||
| 110 |
_aEnvironment Australia _94470 |
||
| 245 | 2 |
_aA framework for public environmental reporting _ban Australian approach |
|
| 260 |
_aCanberra _bEnvironment Australia _c2000 |
||
| 520 | _aThis publication was developed following extensive workshop consultation with interested parties in the private and public sectors throughout Australia. It has been developed to further facilitate and encourage voluntary public environmental reporting in Australia, by providing simple and effective guidance at a national level. View at www.ea.gov.au. | ||
| 650 | _aAUSTRALIA | ||
| 650 | _aENVIRONMENTAL REPORTING | ||
| 690 | _aENVIRONMENTAL AND LAND CONSULTANCY | ||
| 856 |
_uhttps://www.ea.gov.au/industry/finance/publications/indicators/index.htm _vView the guidance on the Environment Australia website... |
||
| 942 | _n0 | ||
| 999 |
_c102925 _d102925 |
||